Innovative approaches in students education

Gespeichert in:
Bibliographische Detailangaben
1. Verfasser: Pudło, Patrycja
Weitere Verfasser: Bašistová, Alena
Format: Buchkapitel
Sprache:Englisch
Tags: Tag hinzufügen
Keine Tags, Fügen Sie das erste Tag hinzu!

MARC

LEADER 00000nla$a2200000$$$4500
001 0142821
005 20240502072547.8
041 0 |a eng 
044 |a SK 
245 1 0 |a Innovative approaches in students education  |c Recenzenti: František Sudzina, Branislav Kršák 
100 1 |a Pudło, Patrycja 
700 1 |a Bašistová, Alena